[Event "Karpov-Piket Match"]
[Site "Monte Carlo"]
[Date "1999.02.22"]
[Round "2"]
[White "Karpov, Anatoly"]
[Black "Piket, Jeroen"]
[Result "1/2-1/2"]
[WhiteElo "2710"]
[BlackElo "2619"]
[Annotator "Ribli,Z"]
[PlyCount "90"]
[EventDate "1999.02.21"]
[EventType "match"]
[EventRounds "8"]
[EventCountry "MNC"]
[SourceTitle "CBM 070"]
[Source "ChessBase"]
[SourceDate "1999.06.08"]
[SourceVersion "1"]
[SourceVersionDate "1999.06.08"]
[SourceQuality "1"]

{[%mdl 2052]} 1. d4 {Piket} Nf6 2. c4 e6 3. Nf3 d5 4. Nc3 dxc4 5. e4 {Das ist
die prinzipielle Fortsetzung und gegen Piket ist es besonders wichtig, so zu
spielen, um ihn nach 5.Bg5 c6 nicht in die von ihm gern gespielte
Botwinnik-Variante zu lassen. Ribli.} Bb4 6. Bg5 c5 7. Bxc4 cxd4 8. Nxd4 {
In der letzten Zeit ist die Fortsetzung 8...Qa5 sehr populär und in einigen
Varianten ist es für Schwarz günstig, daß er noch nicht Bxc3 gespielt hat.}
Bxc3+ 9. bxc3 Qa5 10. Nb5 {Karpovs Lieblingsvariante ist eigentlich ein
Bauernopfer. Die Alternativen sind 10.Bxf6 und 10.Bb5.} Nxe4 (10... Bd7 11.
Nd6+ Ke7 12. Qd2 {/\ f4, e5} Bc6 13. f4 Nbd7 14. Rd1 $1 Rhd8 15. Qd4 $1 h6 16.
Bh4 Qh5 17. Bf2 $1 Kf8 18. e5 {1-0 Karpov,A-Timman,J/Arnhem (m/6) 1993/[Karpov,
An] (33)}) (10... O-O 11. Bxf6 gxf6 12. Qg4+ Kh8 13. Rd1 Nd7 14. Qh4 Qd8 15.
Nd6 Qe7 16. f4 Rg8 17. O-O Nb6 18. Rf3 Nxc4 19. Rh3 Rg7 20. e5 Nxd6 21. exf6 {
1-0 Bacrot,E-Magem Badals,J/Pamplona 1998/CBM 63_04 (21)}) (10... a6) 11. Bf4 (
11. Qd4 O-O 12. Qxe4 a6 13. Be7 axb5 14. Bb4 Qc7 15. Bxb5 Bd7 16. Bd3 g6 17.
O-O Re8 {1/2-1/2 Karpov,A-Timman,J/Amsterdam (m/8) 1993/[Karpov,An] (28)})
11... O-O 12. O-O Nd7 {Piket folgt dem Spiel seines Landsmanns Timman (Karpov,
A - Timman m/14 Jakarta1993).} (12... Bd7 13. a4 (13. Nc7 e5 14. Nxa8 exf4 15.
Qd5 Nc5 $13 {[%csl Ra8]}) 13... Bc6 14. Qg4 Nf6 15. Qe2 a6 16. Nc7 Ra7 17. Qe3
$1 b6 {[#]} 18. Nxe6 $1 Nd5 19. Qg3 fxe6 20. Bxb8 Raf7 21. Bd6 {1-0 Karpov,
A-Lautier,J/Biel 1997/Inf 70/[Karpov,An] (40)}) 13. Re1 $1 $44 {Karpov} (13.
Nc7 $4 e5 $19 14. Nxa8 exf4 15. Bd5 Ndf6 $1 16. Bxe4 Nxe4 17. f3 Nxc3 $4 (17...
Rd8 18. Qe1 Qc5+ 19. Kh1 Nf6 20. Qf2 Qxf2 21. Rxf2 Bd7 $19) 18. Qd6 Nd5 $2 (
18... Nb5 $15) 19. Rac1 {1-0 Karpov,A-Timman,J/Jakarta (m/14) 1993/[Timman,J] 
(53)}) 13... Ndf6 (13... Nxc3 $6 14. Qd2 {[%csl Rc3]} Nb6 15. Bd3 Nbd5 16. Be5
$16) 14. a4 {'!' Piket. Weiß festigt seine Springerstellung auf b5 und
verhindert das schwarze Befreiungsmanöver ...a6 / ...b5.} (14. Be5 {Piket} a6
15. Rxe4 Nxe4 16. Qg4 f6 (16... g6 17. Qxe4 axb5 18. Qf4 f6) 17. Bc7 f5) (14.
Qd4 $5 {Piket}) 14... b6 (14... a6 15. Nc7 Qc5 {[%cal Rc5f2,Rc5c4]} (15... Rb8
16. Nxa6 Ra8 17. Nc7 $16) (15... e5 {Piket} 16. Nxa8 exf4 (16... Bg4 $5 17. f3
exf4 18. fxg4 (18. Qd4 $1 Bxf3 19. gxf3 Ng5 20. Kf2 Rxa8 (20... Nxf3 21. Kxf3
Qh5+ 22. Kg2 Qg4+ 23. Kf1 Qh3+ 24. Ke2) 21. Re5) 18... Rd8 19. Bxf7+ Kf8) 17.
Qd4 Rd8 (17... Qg5 18. Rxe4 Bh3 19. g3 Nxe4 20. Qxe4 Rxa8 21. Bxf7+ (21. Qxb7))
(17... Bh3 18. gxh3 Qg5+ (18... Rd8 19. Rxe4)) 18. Qb6) 16. Qd4 $44 (16. Qd4
Qxd4 17. cxd4 Ra7 18. a5 (18. d5 exd5 19. Bxd5 Nc5 20. a5 (20. Bd6 b6 21. a5
Rxc7)) 18... Bd7 19. d5 (19. Rac1 $1 Bc6 20. f3 $16) 19... exd5 20. Bxd5 Nxd5
21. Nxd5 Nf6 22. Nb6 Be6 23. Rad1)) (14... e5 $5 {Piket} 15. Bxe5 a6 16. Bxf6 (
16. Bc7 b6 17. Nd6 Nxf2 (17... Qc5 18. Nxe4 Nxe4 19. Rxe4 Qxc7 20. Qe2 $14) (
17... Nxc3 18. Qd4 Ncd5 19. Re5 Be6 20. Bxd5 Nxd5 21. Nf5 $18) 18. Qd4) 16...
Nxf6 17. Nd6 Qc7 18. Qd4 (18. Bxf7+ Rxf7 19. Nxf7 Kxf7 (19... Qxf7 20. Qd8+ Qf8
21. Qc7) 20. Qb3+) 18... Bg4 19. f3 Rad8 20. Rad1 Bh5 21. g4 Bg6 (21... Ne8 22.
Nxe8 Rxd4 23. Nxc7 Rxc4 24. Rd7 Bg6 25. Nd5)) 15. f3 (15. Nd6 {Piket} Nxd6 (
15... Nxc3 $5) 16. Bxd6 Re8 $2 (16... Rd8 17. Bb4 Rxd1 18. Raxd1 (18. Rexd1 Ba6
19. Bxa5 Bxc4 20. Bb4 a5 (20... Nd5 21. a5 b5) 21. Rd4 Rc8 22. Bc5 Nd5 23. Rxc4
bxc5)) 17. Bb5) 15... Nc5 (15... Nxc3 16. Qd3 Ncd5 (16... Nxb5 $2 17. axb5 Qb4
18. Bd6 $18) 17. Bd2 {[%csl Ra5]} Qa6 18. Nc7 $14 {[%cal Rc7a8,Rc7a6]}) (15...
a6 {Piket} 16. fxe4 axb5 17. Bxb5 (17. axb5 Qxa1 18. Qxa1 Rxa1 19. Rxa1 Nxe4 (
19... Bb7 20. e5 Nd5 (20... Ne4 21. Ra7 Rb8 (21... Bd5 22. Bxd5 (22. Bd3 Nxc3
23. Be3) 22... exd5) 22. Be3 Bd5 23. Bxd5 exd5 24. Bd4 $16) 21. Bd2 Rc8)) 17...
Ba6 (17... Bd7 18. Bd6 (18. c4 Bxb5 19. cxb5 Rfd8 20. Qb3 Rd4) 18... Rfc8 19.
e5 Bxb5 20. exf6 Bxa4 21. Qg4 g6 22. Qf4 g5 23. Qg4 Qd5 24. Re5 Qxd6 25. Rxg5+
Kh8 26. Ra5 Qf8) 18. Bd6 Bxb5 19. Bxf8 Bxa4 20. Bb4 $16 Bxd1 (20... Qb5) 21.
Bxa5 bxa5 22. Rexd1 Nxe4 23. Rxa5 Rc8 24. Re5 Nf6 25. Rc5) 16. Be5 {[%csl Ra5]
Weiß hat lebendiges Figurenspiel und die schwarze Dame steht unglücklich auf
a5.} a6 (16... Bb7 17. Bxf6 gxf6 18. Qd4 $40) (16... Ba6 {Piket} 17. Bxf6 gxf6
18. Qd4 Kg7 19. Qg4+ Kh8 20. Qh4 Kg7 21. Re3 Bxb5 22. f4 Ne4 23. Bxb5 f5 24.
Rae1 (24. Rh3 $16)) 17. Nd6 $13 {[%csl Ra5]} (17. Nc7 $2 Ra7 $17) (17. Bxf6 {
Piket} axb5 18. Be7 bxc4 19. Bxf8 Nd3 20. Bb4 Qa7 $15) (17. Nd4 {Piket} Bd7)
17... Ncd7 (17... Ne8 $5) (17... Rd8 $5) (17... Ne8 $5 {Piket} 18. Qd4 Nxd6 19.
Bxd6) 18. Bd4 Qh5 (18... Qg5 $5) 19. Rb1 {Weiß steht mit allen Figuren aktiv
und wenngleich er keine konkreten Drohungen aufstellt, hat Schwarz Probleme
mit der Figurenkoordination.} Rb8 20. Qd2 {'!' Piket.} h6 21. Qf4 {[%csl Gd6,
Gf4][%cal Gf4b8] Die weiße Dame steht sehr gut auf f4. In einigen Varianten
hängt der Turm auf b8.} Bb7 (21... Qa5 22. Nxf7 Rxf7 23. Bxe6 $16 {[%csl Rb8,
Gf4,Rf7,Rg8] Weiß hat eine sehr aktive Stellung.}) (21... Qg5 22. Qxg5 hxg5 23.
Nxc8 Rbxc8 24. Bxa6 $14) (21... b5 {Piket} 22. axb5 axb5 23. Bxb5 Ra8 24. c4
Qg5 25. Qxg5 hxg5 26. c5 Ba6 27. c6) (21... Nd5 {Piket} 22. Qg3 Qg5 23. Qxg5
hxg5 24. Bxd5 exd5 25. Re7 $16) (21... Qg6 {Piket} 22. Rbd1 $1) 22. Nxb7 Rxb7
23. Bxa6 $14 {Jetzt steht Weiß bei materiellem Gleichgewicht mit seinem
Läuferpaar besser.} Rbb8 24. Bb5 (24. Bd3 $5 {Piket /\ 25. Rb5 Karpov}) 24...
Rfc8 (24... Qg5 {Piket}) 25. Rbd1 {'+/-!' Piket.} Nf8 $5 {'(+)?!' Piket. Piket
opfert einen Bauern und befreit sich von den Fesselungen.} (25... Qg5 {Piket}
26. Qxg5 hxg5 27. Be3 (27. h3)) 26. Bxf6 Ng6 (26... gxf6 {Piket} 27. Qxf6 Qc5+
28. Kh1 Qxc3 29. Qxh6) 27. Qd4 gxf6 28. Qxf6 Rc5 $2 {[%csl Rc3]} (28... Qg5 29.
Qxg5 hxg5 $14) (28... Qc5+ {Piket} 29. Kh1 Qxc3 30. Rd8+ $18) 29. Bd3 $2 {
'(+)?' Piket. Karpov findet die taktische Lösung nicht.} ({[#]} 29. Rxe6 $1
fxe6 (29... Rf5 30. Rd8+ Nf8 (30... Kh7 {Piket} 31. Rxb8 Rxf6 $16 32. Rxf6 Qc5+
33. Kf1 Kg7 34. Rc6 Qe3) 31. Ree8 (31. Rxb8 Rxf6 32. Rxf6 $18) 31... Rxf6 32.
Rxf8+ Kg7 33. Rg8+ Kh7 34. Bd3+ $18) 30. Rd7 $18) 29... Ne5 $44 {Schwarz hat
eine starke Springerstellung auf e5, aber bei gutem weißen Spiel ist das
zuwenig Kompensation.} (29... Nh4 {Piket} 30. Kh1) 30. Bf1 Qg5 31. Qxg5+ hxg5 {
Schwarz hat eine gesunde Stellung, und der weiße Mehrbauer ist kaum zu
verwerten.} 32. Rb1 f6 {[%csl Rc3]} 33. Rb3 (33. Rb5 Rxb5 (33... Rxc3 34. a5
$16) 34. Bxb5 Kf7 $14) 33... Kf7 34. Re4 Rd8 35. Rd4 {'?' Piket.} (35. h4 $1 {
Piket}) 35... Rdc8 (35... Rxc3 $1 {Piket}) 36. Rdb4 $6 (36. Rxb6 $5 Rxc3 37.
Rdd6 $14) 36... Rxc3 37. Rxc3 Rxc3 38. Rxb6 Ra3 {[%csl Ga3] Der schwarze Turm
steht ausgezeichnet, kontrolliert den a-Bauern und kann gleichzeitig die weiße
Königsstellung angreifen.} 39. Rb7+ Kg6 40. Ra7 Ra1 $1 {[%csl Ga1][%cal Ga1g1,
Ga1a4]} 41. a5 {'?' Piket.} (41. Kf2 Ra2+ 42. Kg3 (42. Be2 Nd3+ 43. Ke3 Nf4 $11
) (42. Ke3 Ra3+) 42... f5 {'©' Piket.} 43. a5 f4+ 44. Kh3 Ra3 $132 {[%cal
Ga3h3]}) 41... Nc4 $11 {[%csl Ra5,Rf1][%cal Rc4d2,Rd2f1,Rc4e3,Re3f1] Schwarz
gewinnt den Bauern zurück.} 42. Kf2 Rxa5 43. Re7 {[%cal Re7e6,Rf1c4] Weiß
scheint Material zu gewinnen, aber Schwarz hat genügend Gegenspiel.} Ra2+ 44.
Kg1 (44. Be2 {Piket} Kf5 (44... Ne5 45. g3 (45. Rxe6 $6 Nd3+ $1 46. Kg3 Nf4 47.
Bf1 Ra1 (47... Nxe6 48. Bc4)))) (44. Kg3 {Piket} Ne3 $1 45. Bd3+ f5 46. Rxe6+
Kf7 47. Rxe3 f4+ 48. Kg4 fxe3 49. Bc4+ Kf6 50. Bxa2 e2) 44... Ra1 45. Kf2 (45.
Rxe6 $2 Nd2 $19) 45... Ra2+ {Und es wurde Remis vereinbart.} 1/2-1/2

[Event "Dos Hermanas-A"]
[Site "Dos Hermanas"]
[Date "2005.04.02"]
[Round "2"]
[White "Azmaiparashvili, Zurab"]
[Black "Harikrishna, Pentala"]
[Result "1/2-1/2"]
[WhiteElo "2671"]
[BlackElo "2646"]
[Annotator "Ribli,Z"]
[PlyCount "61"]
[EventDate "2005.04.01"]
[EventType "tourn"]
[EventRounds "9"]
[EventCountry "ESP"]
[EventCategory "16"]
[SourceTitle "CBM 107"]
[Source "ChessBase"]
[SourceDate "2005.08.01"]
[SourceVersion "1"]
[SourceVersionDate "2005.08.01"]
[SourceQuality "1"]

1. d4 Nf6 2. c4 e6 3. Nf3 d5 4. Nc3 dxc4 5. e4 Bb4 6. Bg5 c5 7. Bxc4 cxd4 8.
Nxd4 Bxc3+ 9. bxc3 Qa5 10. Bb5+ {Das ist die chancenreichste Fortsetzung für
Weiß - die Alternativen 10.Bxf6 und 10.Nb5 sind weniger populär.} Bd7 11. Bxf6
gxf6 12. Bxd7+ {Dieser Zug ist wieder in Mode gekommen; früher war 12.Qb3 die
Hauptvariante.} (12. Qb3 $5 a6 13. Be2) 12... Nxd7 13. O-O a6 (13... Qc7 14.
Qd2 Nc5 15. Rae1 O-O-O 16. Qe3 a6 17. f4 Rd7 18. e5 f5 19. Nb3 Ne4 {0-1
Krivoshey,S-Donchenko,A/Frankfurt 2004/EXT 2005 (34)}) (13... Nc5 14. Qh5 Qc7
15. Rab1 Qe5 16. Qh3 Qxe4 17. Rfe1 Qd5 18. Nf5 Rd8 {0-1 Granero Roca,A-Palac,M/
Lorca ESP 2001/(28)}) 14. Rb1 Qc7 15. Qd2 {[%cal Gf1d1,Gd1d8,Gd2h6]} (15. Qh5
Nc5 16. Rb4 {/\ Rc4,Ne6} Qe5 17. Qxe5 fxe5 18. Nb3 Nxb3 19. axb3 O-O-O 20. f4
$1 $14 {1/2-1/2 Gulko,B-Salov,V/Linares 1990/CBM 17/(58)}) (15. Qg4 h5 16. Qh3
Ke7 17. f4 h4 18. Qf3 Rac8 19. e5 Qxc3 20. exf6+ Kxf6 21. Qxc3 Rxc3 {1/2-1/2
Kramnik,V-Anand,V/Dortmund 88/(377) 2003 (21)}) (15. Qe2 O-O 16. Rfd1 Kh8 17.
Rd3 Rg8 18. Nf3 Nc5 19. Rd4 e5 20. Rdb4 Rad8 {1/2-1/2 Gyimesi,Z-Hoelzl,F/
Balatonlelle 2002/(51)}) 15... O-O (15... Rc8 16. Rfd1 b5 17. f4 Nc5 18. Qe3
Rg8 19. Ne2 Na4 20. Kh1 $44 {1-0 Smirnov,P-Popov,V/Moscow 2005/(26)}) (15... h5
16. f4 Rc8 17. Rf3 b5 18. Re1 Nb6 19. Qf2 h4 20. Rh3 Na4 21. Rxh4 Rg8 22. Rh7
Qxc3 23. e5 {1/2-1/2 Gelfand,B-Topalov,V/Monte Carlo 2005/CBM 105 ext (39)})
16. Rfd1 {[%cal Gd1d7] Die weiße Drohung ist jetzt 17.Nxe6.} Ne5 $5 $146 {
[%mdl 4] Die Eröffnungstheorie entwickelt sich sehr schnell: statt der
schablonenhafter Fortsetzung 16...Rad8 verbessert Schwarz sofort seine
Springerstellung.} (16... Rad8 17. Qh6 Kh8 18. Rd3 Rg8 19. Ne2 $14 Rg6 20. Qd2
$1 {1-0 Akopian,V-Izoria,Z/Moscow RUS 2005/(57)}) 17. Qh6 Ng6 18. Rd3 Qf4 $1 {
Das ist die Pointe des Zugs 16...Ne5!? - Schwarz tauscht die Damen.} 19. Qxf4
Nxf4 20. Rf3 e5 21. Nf5 {[%csl Rc3,Gf5,Rf6,Rf7] Der Nf5 steht ausgezeichnet
und die schwarzen Doppelbauern auf f7 und f6 sind immer schwach. Der Pc3 ist
jedoch ebenfalls eine Schwächung.} (21. g3 $2 Nh3+ 22. Kg2 Ng5 $17) 21... b5
22. h4 (22. g3 Ne6 (22... Nh3+ 23. Kg2 Ng5 24. Re3 Rfd8 25. a4 bxa4 (25... Rab8
$4 26. Ne7+ Kf8 27. Nc6 $18) 26. Ra1 Ne6 27. Rxa4 $14) 23. Ne7+ Kg7 24. Nd5
Rfd8 25. Nxf6 Rac8 $11) 22... Rfd8 $11 {[%cal Gd8d1]} 23. c4 $5 {Weiß opfert
einen Bauern, um seinen b1-Turm zu aktivieren.} (23. g3 Ne6 24. Ne7+ Kg7 25.
Nd5 Nc5 26. Nxf6 Rd6 27. Ng4 Nxe4 28. Nxe5 f6 29. Rb4 Rd1+ 30. Kg2 Nxf2 31.
Rxf2 fxe5 $11) 23... bxc4 (23... Rab8 $2 24. Ne7+ Kf8 25. Rxf4 (25. Nc6 Ne2+
26. Kf1 Nd4 27. Nxd8 Nxf3 28. gxf3 Rxd8 29. cxb5 axb5 30. Rxb5 Ra8 31. Rb2 $14)
25... exf4 26. Nc6 Rdc8 27. Nxb8 Rxb8 28. Kf1 $16) 24. Rb7 Rd3 (24... c3 25.
Rc7 Rd2 26. Kh2 Kh8 27. Rfxc3 (27. Rxf7 Rg8 28. g3 c2 29. Rc7 Ne2 $19) 27...
Rg8 28. Rg3 h5 $11 (28... Rxg3 29. fxg3 Rxg2+ (29... Ne6 30. Rxf7 $18) 30. Kh1
$18)) 25. Rxd3 cxd3 {[%mdl 4096] Schwarz hat einen Bauern mehr, aber dieser
hat keine Bedeutung, da die weißen Figuren sehr aktiv stehen.} 26. Rd7 Kf8 (
26... Ne2+ 27. Kf1 Nc3 28. Rxd3 Nxe4 29. Ke2 $11) 27. g3 Ke8 28. Re7+ (28. Rd6
Ne2+ 29. Kg2 Rd8 (29... Nc3 30. Rxd3 Nxe4 31. Kf3 $11) 30. Ng7+ Ke7 31. Nf5+
Ke8 $11) 28... Kf8 29. Rd7 (29. gxf4 Rd8 30. Rb7 d2 31. Ne3 d1=Q+ 32. Nxd1
Rxd1+ 33. Kg2 Rd2 (33... exf4) 34. Rb6 Rxa2 35. Rxf6 exf4 36. Rxf4 $11) 29...
Ke8 30. Re7+ Kf8 31. Rd7 {Und Remis durch Zugwiederholung.} 1/2-1/2

[Event "EU-ch 4th"]
[Site "Istanbul"]
[Date "2003.06.02"]
[Round "4"]
[White "Azmaiparashvili, Zurab"]
[Black "Agrest, Evgenij"]
[Result "1/2-1/2"]
[WhiteElo "2678"]
[BlackElo "2591"]
[Annotator "Ribli,Z"]
[PlyCount "53"]
[EventDate "2003.05.30"]
[EventType "swiss"]
[EventRounds "13"]
[EventCountry "TUR"]
[SourceTitle "CBM 096"]
[Source "ChessBase"]
[SourceDate "2003.09.25"]
[SourceVersion "1"]
[SourceVersionDate "2003.09.25"]
[SourceQuality "1"]

1. d4 Nf6 2. Nf3 d5 3. c4 e6 4. Nc3 dxc4 {Heutzutage wird die sogenannte
Wiener Variante des Damengambits oft auf Großmeisterebene gespielt.} 5. e4 Bb4
6. Bg5 c5 7. Bxc4 cxd4 8. Nxd4 Bxc3+ (8... Qa5) 9. bxc3 Qa5 10. Bb5+ Bd7 {
Diesen Zug sieht man heutzutage seltener. Die gängigere Alternative ist 10...
Nbd7.} 11. Bxf6 gxf6 12. Qb3 O-O (12... a6 13. Be2 Nc6 14. O-O Qc7 15. Qa3 $36)
(12... Ke7 $5) 13. O-O (13. O-O-O $5 {Dieser Zug kommt durchaus in Betracht.})
13... Bxb5 (13... Qb6 $5) 14. Nxb5 Nc6 (14... Nd7 $6 15. c4 a6 16. Nd6 Qe5 17.
Rad1 Nc5 18. Qe3 b6 19. f4 Qh5 20. e5 f5 21. Rf3 {1-0 Ivanov,J-Schlingensiepen,
C/Regensburg 1997/EXT 2001 (49)}) 15. Rad1 {Der Textzug scheint mir ein wenig
zu schablonenhaft. Die für Schwarz kritische Fortsetzung wäre 15.c4.} (15. c4
$142 {Das ist die beste Möglichkeit für Weiß - jetzt oist die 3. Reihe
geöffnet, und Schwarz muss immer mit Qg3+ rechnen.} Rad8 (15... Rfd8 16. c5 $5
(16. Rab1 Qd2 17. c5 Rd3 18. Qa4 Qg5 19. Nd6 Nd4 20. Kh1 Qxc5 21. Qd7 Rf8 22.
Ne8 Rd2 23. Nxf6+ Kg7 24. Ng4 Qg5 {0-1 Gomez Esteban,J-Magem Badals,J/
Ponferrada 1997/CBM 60 ext (69)}) 16... Rd2 17. Nd6 Qxc5 18. Nxf7 $1 Qe7 19.
Qe3 Rd7 20. Nh6+ Kh8 21. Rad1 {1-0 Gurevich,M-Vidarsson,J/Akureyri 1988/CBM 08
(32)}) (15... Qd2 16. Rad1 Qf4 17. Nd6 $36) 16. Rae1 Qd2 17. Qg3+ Kh8 18. Re3
Rg8 19. Qf4 Rg6 20. h4 h5 21. Qf3 Ne5 22. Qxh5+ Kg7 23. Qe2 Qxe2 24. Rxe2 a6 {
1/2-1/2 Ivanov,S-Bellon Lopez,J/Stockholm 2001/CBM 79 ext (40)}) (15. Nd4 Qc7
16. Rab1 Na5 {1/2-1/2 Csonkics,T-Peredy,F/HUN 1995/EXT 97 (16)}) 15... Rad8 16.
Nd6 Qe5 (16... Qc7 $11) 17. Qa3 b6 18. Rd3 Qf4 {[%csl Gf4][%cal Gc6e5][%mdl 4]
Die Dame steht aktiv auf f4, und in der Folge kann Schwarz seinen Springer auf
e5 postieren.} 19. Rfd1 (19. Qc1 Qxc1 20. Rxc1 Rd7 $11) 19... Ne5 {[%csl Ge5,
Gf4]} 20. Rg3+ Kh8 21. h3 h5 $1 {[%cal Gh5h4,Gh4g3] Schwarz möchte mit 22...h4
den Rg3 vertreiben und danach die g-Linie mit gefährlichem Angriff in Beschlag
nehmen.} (21... Rd7 $11) {[#]} 22. Nxf7+ $5 {[%mdl 512] Weiß opfert den
Springer und erzwingt damit praktisch das Remis.} (22. Qxa7 h4 23. Re3 Rg8 $40)
22... Nxf7 23. Rxd8 Rxd8 24. Qe7 $11 {[%csl Ge7,Gg3,Rh8]} h4 (24... Rd1+ 25.
Kh2 Ng5 (25... h4 $4 26. Qf8+ Kh7 27. Qg7#) 26. Qe8+ Kg7 (26... Kh7 $4 27.
Qxh5+ $18 {[%cal Rh5h7,Rh5d1]}) 27. Qe7+ $11) 25. Rd3 $8 Rxd3 (25... Qc1+ 26.
Kh2 Qf4+ $11 (26... Rxd3 27. Qf8+ Kh7 28. Qxf7+ $11)) 26. Qf8+ Kh7 27. Qxf7+
1/2-1/2

[Event "Linklater Memorial"]
[Site "San Francisco"]
[Date "2001.02.27"]
[Round "2"]
[White "Shulman, Yuri"]
[Black "Mulyar, Michael A"]
[Result "1-0"]
[WhiteElo "2543"]
[BlackElo "2428"]
[Annotator "Ribli,Z"]
[PlyCount "41"]
[EventDate "2001.02.26"]
[EventType "tourn"]
[EventRounds "10"]
[EventCountry "USA"]
[EventCategory "8"]
[SourceTitle "CBM 082"]
[Source "ChessBase"]
[SourceDate "2001.05.17"]
[SourceVersion "1"]
[SourceVersionDate "2001.05.17"]
[SourceQuality "1"]

1. d4 Nf6 2. c4 e6 3. Nf3 d5 4. Nc3 dxc4 5. e4 Bb4 6. Bg5 c5 7. Bxc4 cxd4 8.
Nxd4 Bxc3+ 9. bxc3 Qa5 10. Bb5+ {Die Alternativen 10.Bxf6 und 10.Nb5 sind auch
spielbar, aber der Textzug stellt die Hauptfortsetzung dar.} Nbd7 (10... Bd7)
11. Bxf6 Qxc3+ 12. Kf1 gxf6 13. h4 (13. Rc1 Qb4 14. h4 a6 $1 15. Ba4 Ke7 16.
Rh3 Nc5 17. Bb3 Bd7 18. Rc4 Qa5 19. Qc2 Rac8 20. Rhc3 b6 $17 {1/2-1/2 Nikolic,
P-Gelfand,B/Sarajevo (m/4) 1991/[Krnic,Z] (61)}) 13... a6 14. Rh3 Qa5 {Das ist
eine natürliche Antwort, aber 14...Qb4 kommt auch in Betracht.} (14... Qb4 15.
Ba4 Ke7 16. Rb1 Qc4+ 17. Kg1 Nc5 18. Bb3 Nxb3 19. Rbxb3 Rd8 20. Rhd3 Bd7 21.
Rxb7 Rac8 22. Nf5+ exf5 23. Rdxd7+ Rxd7 24. Qxd7+ Kf8 25. Qxf5 Kg7 {1/2-1/2
Nikolic,P-Greenfeld,A/Neum 2000/EXT 2001 (69)}) 15. Ba4 $5 {In dieser
konkreten Stellung ist dieser Zug eine theoretische Neuerung, jedoch wurde er
in ähnlichen Stellungen bereits gespielt.} (15. Be2) 15... Ke7 (15... b5 16.
Bb3 Bb7 17. Rc1 $44) 16. Rc1 Nc5 $13 {[%mdl 2048] Der schwarze König steht -
wie so oft in dieser Variante - nicht 100% sicher in der Mitte, aber Schwarz
erfreut sich guten Figurenspiels.} (16... Rd8 17. Rhc3 $44 {[%cal Gc1c7] Weiß
hat starke Kontrolle über die c-Linie.}) 17. Nb3 Qxa4 (17... Nxb3 18. Qxb3 (18.
Bxb3 Bd7 $15) 18... b5 19. Qa3+ b4 (19... Ke8 20. Rd3 Bb7 $15) 20. Qb3 Rd8 $15)
18. Rxc5 Bd7 $6 (18... Rd8 $5 $15) 19. Rc7 b6 $2 {[%mdl 8192]} (19... Rhd8 20.
Rd3 Ke8 21. Kg1 (21. Rd4 Bb5+) 21... e5 22. Rg3 (22. Qf3 $40) 22... Ke7 23. Qd5
$40) (19... Rhc8 $1 20. Rxb7 Rab8 21. Ra7 Ra8 $11) 20. Rd3 Rhd8 21. Rd4 $18 (
21. Rd4 Qb5+ 22. Kg1 $18 {Und gegen 23.a4 hat Schwarz keine Verteidigung.}) 1-0